[Event "Mechanics' Whitehead TNM; 30/90, SD/30"]
[Site "San Francisco"]
[Date "2014.09.23"]
[Round "8.27"]
[White "Furukawa, Jon"]
[Black "Ayinala, Shree"]
[Result "1-0"]
[WhiteElo "1531"]
[BlackElo "962"]
[Annotator "Donaldson"]
[PlyCount "51"]
[EventDate "2014.??.??"]

1. e4 c5 2. c3 Nc6 3. d4 cxd4 4. cxd4 e6 5. Nf3 h6 (5... d5) 6. Nc3 Nge7 $2 (
6... d5) 7. d5 exd5 8. exd5 Nb4 9. a3 Na6 10. Bd3 (10. d6 Ng6 11. Qe2+ $18)
10... g6 11. O-O Bg7 12. d6 Nf5 13. Re1+ Kf8 14. Bxf5 gxf5 15. Qd5 Bf6 16. Bf4
Rh7 17. Qxf5 Kg8 18. Nd5 Kg7 {Diagram #} 19. Re8 $1 Qxe8 20. Qxh7+ (20. Qxf6+
Kg8 21. Ne7+ {also does the job.}) 20... Kxh7 21. Nxf6+ Kg7 22. Nxe8+ Kf8 23.
Re1 Nc5 24. Bxh6+ Kg8 25. Nf6+ Kh8 26. Re8# 1-0

[Event "Mechanics' Spring TNM; 30/90, SD/30"]
[Site "San Francisco"]
[Date "2014.05.06"]
[Round "8.17"]
[White "Furukawa, Jon"]
[Black "Chalissery, Jossy"]
[Result "1/2-1/2"]
[WhiteElo "1533"]
[BlackElo "1723"]
[PlyCount "107"]
[EventDate "2014.??.??"]

1. e4 c5 2. c3 d5 3. exd5 Qxd5 4. d4 Nc6 5. Nf3 Bg4 6. Be2 cxd4 7. O-O Nf6 8.
cxd4 e6 9. Nc3 Qa5 10. Be3 Bb4 11. Qb3 O-O 12. Rac1 Ne7 13. h3 Bh5 14. a3 Bxc3
15. bxc3 Ned5 16. c4 Nxe3 17. Qxe3 Rfd8 18. Rfd1 Rac8 19. Ne5 Bxe2 20. Qxe2 Rd6
21. Qf3 Rb6 22. g4 h6 23. h4 Rc7 24. g5 hxg5 25. hxg5 Ne8 26. Kg2 Rb2 27. c5
Qb5 28. Nc4 Rb3 29. Rd3 Rxd3 30. Qxd3 Qc6+ 31. Qf3 Qxf3+ 32. Kxf3 Rd7 33. Rd1
Nc7 34. Ne5 Re7 35. c6 Nd5 36. Rc1 bxc6 37. Rxc6 Rc7 38. Rxc7 Nxc7 39. Nc6 a6
40. Ke4 Kf8 41. f4 Ke8 42. f5 exf5+ 43. Kxf5 Kd7 44. Ne5+ Ke7 45. a4 Nd5 46.
Nc6+ Kd6 47. Ne5 f6 48. gxf6 gxf6 49. Nc4+ Kc6 50. Na5+ Kd7 51. Nc4 Nc3 52.
Kxf6 Nxa4 53. Ke5 Nc3 54. d5 1/2-1/2

[Event "Mechanics' SummerTNM; 30/90, SD/30"]
[Site "San Francisco"]
[Date "2014.07.08"]
[Round "7.13"]
[White "Furukawa, Jon"]
[Black "Doyle, Bryon"]
[Result "0-1"]
[WhiteElo "1515"]
[BlackElo "2056"]
[PlyCount "40"]
[EventDate "2014.??.??"]

1. e4 e5 2. Nf3 Nc6 3. Bc4 Nf6 4. Ng5 Bc5 5. Nxf7 Bxf2+ 6. Kf1 Qe7 7. Nxh8 d5
8. exd5 Nd4 9. d3 Bg4 10. Qd2 Bh4 11. Nc3 O-O-O 12. g3 Bh3+ 13. Qg2 Bxg2+ 14.
Kxg2 Ng4 15. Ne4 Rxh8 16. c3 Nf5 17. Bd2 Nge3+ 18. Bxe3 Nxe3+ 19. Kf2 Nxc4 20.
dxc4 Rf8+ 0-1

[Event "Mechanics' Whitehead TNM; 30/90, SD/30"]
[Site "San Francisco"]
[Date "2014.08.26"]
[Round "4.17"]
[White "Furukawa, Jon"]
[Black "Flores, David"]
[Result "0-1"]
[WhiteElo "1531"]
[BlackElo "1793"]
[Annotator "Donaldson"]
[PlyCount "92"]
[EventDate "2014.??.??"]

1. e4 g6 2. d4 Bg7 3. Nc3 d6 4. Nf3 Nf6 5. h3 O-O 6. Be3 Nc6 7. Be2 e5 8. d5
Ne7 9. O-O Nd7 10. Qd2 f5 11. exf5 gxf5 12. Bg5 Nf6 13. Bxf6 Rxf6 14. Ng5 c5
15. Ne6 Bxe6 16. dxe6 Kh8 17. Bc4 a6 18. Nd5 b5 19. Nxf6 Bxf6 20. Bd5 Ra7 21.
c4 bxc4 22. Bxc4 Nc6 23. Qd5 Nd4 24. Rab1 a5 25. a4 Qe7 26. Rfd1 Rc7 27. Qa8+
Kg7 28. Qxa5 Ra7 29. Qb6 Rb7 30. Qa5 Ra7 31. Qc3 Rxa4 32. Qg3+ $16 Kh6 33. b3
$4 {Diagram #} Rxc4 $1 34. Kh1 Rb4 35. Qg8 Nxe6 36. g4 fxg4 37. Rg1 Nf4 38.
Qxg4 Qe6 39. Qxe6 Nxe6 40. Rg3 Rf4 41. Kg2 Nd4 42. Rg4 Bg5 43. b4 cxb4 44. Rxb4
Nf5 45. Rgxf4 Bxf4 46. Kf3 Kg5 0-1

[Event "Mechanics' Whitehead TNM; 30/90, SD/30"]
[Site "San Francisco"]
[Date "2014.08.05"]
[Round "1.9"]
[White "Furukawa, Jon"]
[Black "Gaffagan, Steven"]
[Result "0-1"]
[WhiteElo "1531"]
[BlackElo "2129"]
[PlyCount "46"]
[EventDate "2014.??.??"]

1. e4 c6 2. d4 d5 3. Nc3 dxe4 4. Nxe4 g6 5. Nf3 Bg7 6. Be3 Bg4 7. c3 Nd7 8. Bc4
Ngf6 9. Nxf6+ exf6 10. Qb3 O-O 11. Nd2 b5 12. Bd3 Nc5 13. Qc2 Nxd3+ 14. Qxd3
Be6 15. O-O f5 16. Nb3 Bc4 17. Qd2 Bxf1 18. Rxf1 Qd5 19. Qc2 Rfe8 20. a3 Re7
21. Bg5 f6 22. Bd2 Rae8 23. Qc1 Qxb3 0-1

[Event "Mechanics' Spring TNM; 30/90, SD/30"]
[Site "San Francisco"]
[Date "2014.04.01"]
[Round "3.33"]
[White "Furukawa, Jon"]
[Black "Gandhi, Sid"]
[Result "1-0"]
[WhiteElo "1533"]
[BlackElo "1203"]
[Annotator "Donaldson"]
[PlyCount "51"]
[EventDate "2014.??.??"]

1. e4 c5 2. c3 Nc6 3. Nf3 e6 4. d4 cxd4 5. cxd4 Qa5+ 6. Nc3 Bb4 7. Bd2 d5 8.
exd5 (8. e5) 8... exd5 9. Be2 (9. Bd3) 9... Nf6 10. O-O O-O 11. a3 Be7 12. Rc1
Qd8 13. Re1 Bg4 14. Bg5 Re8 15. h3 Bh5 16. Bf4 (16. Ne5 Bxe2 17. Rxe2) 16...
Bd6 17. Bg5 Be7 18. Nh4 Bxe2 19. Rxe2 Qb6 (19... g6 $2 20. Rxe7 Qxe7 (20...
Rxe7 21. Bxf6) 21. Nxd5) 20. Nf5 Rad8 {Diagram #} 21. Qd3 (21. Bxf6 Bxf6 22.
Nxd5 Qa6 23. Nxf6+ gxf6 24. Rxe8+ Rxe8 25. Qg4+ Kf8 26. Qg7#) 21... Qc7 22.
Nxe7+ Rxe7 23. Bxf6 gxf6 24. Rce1 Rde8 25. Nxd5 Rxe2 26. Rxe2 1-0

[Event "Mechanics' Winter TNM; 30/90, SD/30"]
[Site "San Francisco"]
[Date "2014.01.07"]
[Round "1.6"]
[White "Furukawa, Jon"]
[Black "Gray, William"]
[Result "0-1"]
[WhiteElo "1533"]
[BlackElo "2034"]
[PlyCount "44"]
[EventDate "2014.??.??"]

1. e4 c5 2. c3 d5 3. exd5 Qxd5 4. d4 Nc6 5. Nf3 e5 6. Be3 cxd4 7. cxd4 Bg4 8.
Nc3 Bb4 9. Be2 exd4 10. Bxd4 Nxd4 11. Qxd4 Qxd4 12. Nxd4 Nf6 13. O-O Bxc3 14.
Bb5+ Bd7 15. bxc3 O-O-O 16. Bc4 Be8 17. Rfe1 Nd5 18. Bxd5 Rxd5 19. Re7 Rd7 20.
Rae1 Kd8 21. R7e2 Rc7 22. Nb5 Bxb5 0-1

[Event "Mechanics' Winter TNM; 30/90, SD/30"]
[Site "San Francisco"]
[Date "2014.01.21"]
[Round "3.19"]
[White "Furukawa, Jon"]
[Black "Lkhagvasuren, Zolboo"]
[Result "0-1"]
[WhiteElo "1533"]
[BlackElo "1707"]
[PlyCount "114"]
[EventDate "2014.??.??"]

1. e4 c5 2. c3 d6 3. d4 cxd4 4. cxd4 Nf6 5. Nc3 Nc6 6. Nf3 Bg4 7. Be2 e6 8. O-O
Be7 9. h3 Bh5 10. d5 Bxf3 11. Bxf3 Ne5 12. Be3 Nxf3+ 13. Qxf3 O-O 14. Rac1 Nd7
15. Nb5 a6 16. Nd4 Ne5 17. Qe2 exd5 18. exd5 Qa5 19. f4 Ng6 20. Nf5 Qxd5 21.
Nxe7+ Nxe7 22. Rcd1 Qe6 23. Qf3 Nf5 24. Bd2 Qxa2 25. Bc3 Qb3 26. Qd3 Qe6 27.
Rf3 Qg6 28. Kf2 Rfe8 29. g4 Nh4 30. Qxg6 Nxg6 31. Rxd6 Rad8 32. Rd4 Rxd4 33.
Bxd4 Re4 34. Be3 Nh4 35. Rg3 f5 36. Rg1 fxg4 37. hxg4 Rb4 38. Bc1 Ng6 39. Kf3
Kf7 40. Re1 Ne7 41. Re4 Rb5 42. b4 Nc6 43. Bd2 a5 44. bxa5 Nxa5 45. Bxa5 Rxa5
46. Rb4 b5 47. Ke4 Ra4 48. Rd4 Ke6 49. Kd3 Rxd4+ 50. Kxd4 b4 51. Kc4 b3 52.
Kxb3 Kd5 53. Kc3 Ke4 54. f5 Kf4 55. Kd4 Kxg4 56. Ke4 h5 57. Ke3 Kxf5 0-1

[Event "Mechanics' SummerTNM; 30/90, SD/30"]
[Site "San Francisco"]
[Date "2014.06.03"]
[Round "2.22"]
[White "Furukawa, Jon"]
[Black "Poling, Scott"]
[Result "1-0"]
[WhiteElo "1515"]
[BlackElo "1683"]
[PlyCount "55"]
[EventDate "2014.??.??"]

1. e4 e6 2. d4 d5 3. exd5 exd5 4. Nf3 Bd6 5. Bd3 Ne7 6. O-O Bf5 7. Nc3 c6 8.
Re1 O-O 9. Rxe7 Bxd3 10. Re1 Bf5 11. Ne2 Bg4 12. Qd3 h6 13. Bf4 Be7 14. Ng3 Re8
15. Ne5 Be6 16. Nh5 Bf8 17. Qg3 Kh8 18. Qf3 Nd7 19. Nxd7 Qxd7 20. h3 Re7 {
Diagram #} 21. Bxh6 $1 gxh6 22. Qf6+ Kh7 23. Re3 Bg4 24. hxg4 Rxe3 25. fxe3 Qe6
26. Qf5+ Qxf5 27. gxf5 Re8 $4 28. Nf6+ 1-0

[Event "Mechanics' Winter TNM; 30/90, SD/30"]
[Site "San Francisco"]
[Date "2014.02.04"]
[Round "5.18"]
[White "Furukawa, Jon"]
[Black "Potharam, Eitetsu"]
[Result "0-1"]
[WhiteElo "1533"]
[BlackElo "1824"]
[PlyCount "60"]
[EventDate "2014.??.??"]

1. e4 e6 2. d4 d5 3. e5 c5 4. c3 Nc6 5. Nf3 Qb6 6. Bd3 Bd7 7. O-O cxd4 8. cxd4
Nxd4 9. Nxd4 Qxd4 10. Nc3 Qb6 11. Qe2 a6 12. a3 Rc8 13. Bc2 Qc7 14. Bd2 d4 15.
Nd5 exd5 16. Rac1 Qd8 17. f4 Bc5 18. Bd3 Ne7 19. Rxc5 Rxc5 20. f5 O-O 21. f6
Ng6 22. h4 Re8 23. Bxg6 hxg6 24. Bg5 Bb5 25. Qf3 Bxf1 26. Bh6 gxh6 27. Qf4 Kh7
28. h5 g5 29. Qf5+ Kh8 30. e6 Rxe6 0-1

[Event "Mechanics' Whitehead TNM; 30/90, SD/30"]
[Site "San Francisco"]
[Date "2014.09.09"]
[Round "6.28"]
[White "Furukawa, Jon"]
[Black "Sachs-Weintraub, Julian"]
[Result "1-0"]
[WhiteElo "1531"]
[BlackElo "850"]
[Annotator "Donaldson"]
[PlyCount "119"]
[EventDate "2014.??.??"]

1. e4 e5 2. Nf3 Nc6 3. Bb5 d6 4. d4 exd4 5. Nxd4 Bd7 6. O-O Nxd4 7. Bxd7+ Qxd7
8. Qxd4 Nf6 9. e5 dxe5 10. Qxe5+ Qe7 $6 (10... Be7 $11) 11. Qxe7+ (11. Qa5 $1 {
White should stay in the middlegame with Black's queen awkwardly placed on e7.}
) 11... Bxe7 12. Re1 h6 13. Nc3 c6 14. Bf4 Rd8 15. Rad1 Rxd1 16. Nxd1 Kd7 17.
Ne3 g6 $6 (17... Rd8 $11) 18. Nc4 Nd5 19. Ne5+ Ke8 20. Bd2 g5 21. c4 Nc7 22.
Bc3 Rh7 23. Ng4 Kf8 $2 (23... Ne6 $14) 24. Nf6 $1 Bxf6 25. Bxf6 Ne6 26. Rd1 $1
{Black's rook is horribly out of play.} Ke8 27. b4 (27. h4 g4 (27... gxh4 28.
f4 $1 {with f5 to follow is very strong.}) 28. h5 {locks in the rook.}) 27...
a6 28. a4 h5 $2 {to play ..Rh6 to start to bring the rook into the game.} 29.
c5 Rh6 30. Be5 Rg6 31. g3 g4 32. Bd6 Rg5 33. Kg2 Rd5 {Mission accomplished.}
34. Rxd5 cxd5 35. f3 f5 36. fxg4 hxg4 37. b5 axb5 38. axb5 Kd7 39. Kf2 Nd4 $2 (
39... b6 {wins a pawn and the game.}) 40. b6 $2 (40. Ke3 Nxb5 41. Be5 Ke6 42.
Bd4 Na3 43. Kd3 {offers more chances to resist.}) 40... Nf3 $4 (40... Kc6) 41.
Ke3 $4 (41. h4 $1 {turns the tables. Black cannot defend against both the
passed h-pawn and the threat to play c5-c6 at the right moment to create a
second passer.}) 41... d4+ 42. Kd3 Kc6 43. Kc4 Kd7 44. Bf8 Kc6 45. Be7 Nxh2 46.
Kxd4 Nf3+ 47. Ke3 Ne5 48. Kd4 Nd7 49. Bd6 Nf6 (49... Nxb6 50. Ke5) 50. Ke5 Nd7+
51. Kxf5 Nxc5 52. Bc7 Nd7 53. Kxg4 Nxb6 54. Bxb6 Kxb6 55. Kh5 Kc6 56. g4 Kd7 $4
(56... b5 57. g5 b4 58. g6 b3 59. g7 b2 60. g8=Q b1=Q $11) 57. Kh6 $4 (57. g5
$18) 57... Ke7 $4 (57... b5 $11) 58. g5 Kf7 59. Kh7 b5 60. g6+ 1-0

[Event "Mechanics' SummerTNM; 30/90, SD/30"]
[Site "San Francisco"]
[Date "2014.06.17"]
[Round "4.32"]
[White "Furukawa, Jon"]
[Black "Sachs-Weintraub, Julian"]
[Result "1-0"]
[WhiteElo "1515"]
[BlackElo "850"]
[Annotator "Donaldson"]
[PlyCount "43"]
[EventDate "2014.??.??"]

1. e4 e5 2. Nf3 Nc6 3. Bc4 a6 4. Nc3 Nf6 (4... Bc5) 5. d3 (5. Ng5 $1) 5... h6 (
5... Bc5) 6. O-O d6 7. h3 Ne7 (7... Be7) 8. d4 exd4 9. Nxd4 b5 10. Bd3 (10. Bd5
Nexd5 11. exd5) 10... Bd7 11. Re1 Ng6 12. Nf5 Ne7 13. Qf3 Be6 14. Bf4 d5 15.
Rad1 c6 16. Nd6+ Kd7 17. exd5 Nexd5 18. Nxd5 Bxd5 19. Bf5+ Be6 20. Nxf7+ Ke7
21. Nxd8 Rxd8 22. Rxe6+ 1-0

[Event "Mechanics' Spring TNM; 30/90, SD/30"]
[Site "San Francisco"]
[Date "2014.03.18"]
[Round "1.5"]
[White "Furukawa, Jon"]
[Black "Thornally, Frank"]
[Result "0-1"]
[WhiteElo "1533"]
[BlackElo "2200"]
[PlyCount "50"]
[EventDate "2014.??.??"]

1. e4 e5 2. Nf3 Nc6 3. Bc4 Nf6 4. Nc3 Nxe4 5. Nxe4 d5 6. Bxd5 Qxd5 7. Nc3 Qa5
8. d3 Bg4 9. h3 Bh5 10. Bd2 O-O-O 11. Ne4 Qd5 12. Bc3 Be7 13. g4 Bg6 14. Qe2 h5
15. Nfd2 hxg4 16. Qxg4+ Kb8 17. Rg1 Rh4 18. Qg3 Rdh8 19. Bxe5 Nxe5 20. Nc3 Qe6
21. O-O-O Rxh3 22. Qg2 Rxd3 23. Rge1 Rxc3 24. bxc3 Qxa2 25. Ne4 Nc4 0-1

[Event "Mechanics' SummerTNM; 30/90, SD/30"]
[Site "San Francisco"]
[Date "2014.07.15"]
[Round "8.19"]
[White "Furukawa, Jon"]
[Black "Yamamoto, Shu"]
[Result "1/2-1/2"]
[WhiteElo "1515"]
[BlackElo "1772"]
[PlyCount "75"]
[EventDate "2014.??.??"]

1. e4 c5 2. c3 d5 3. exd5 Qxd5 4. d4 Nc6 5. Nf3 Bg4 6. Be2 cxd4 7. cxd4 e6 8.
Nc3 Qa5 9. O-O Nf6 10. h3 Bh5 11. a3 Bd6 12. Nb5 Bb8 13. b4 Qb6 14. Be3 Nd5 15.
Rc1 O-O 16. Nc3 Nce7 17. Ne5 Bxe2 18. Nxe2 Bxe5 19. dxe5 Nxe3 20. fxe3 Qxe3+
21. Kh1 Qxa3 22. Qd7 Qxb4 23. Rf4 Qb2 24. Qxe7 Qxe2 25. Rcf1 Qh5 26. Kh2 Qxe5
27. Kh1 f6 28. Qxb7 Rfb8 29. Qe7 a5 30. Rd4 g6 31. Rc4 Rc8 32. Rxc8+ Rxc8 33.
Rd1 f5 34. Rd8+ Rxd8 35. Qxd8+ Kg7 36. Qe7+ Kh6 37. Qh4+ Kg7 38. Qe7+ 1/2-1/2

[Event "Mechanics' Winter TNM; 30/90, SD/30"]
[Site "San Francisco"]
[Date "2014.01.14"]
[Round "2.5"]
[White "Gaffagan, Steven"]
[Black "Bayaraa, Bekhtur"]
[Result "1-0"]
[WhiteElo "2068"]
[BlackElo "1818"]
[PlyCount "47"]
[EventDate "2014.??.??"]

1. d4 d5 2. c4 dxc4 3. Nf3 e6 4. e4 c5 5. Bxc4 cxd4 6. Nxd4 Bb4+ 7. Nc3 Nf6 8.
Qa4+ Nc6 9. Nxc6 Bxc3+ 10. bxc3 bxc6 11. Ba3 Qc7 12. Rd1 Bd7 13. Bd6 Qb6 14.
Qc2 c5 15. O-O h5 16. e5 Ng4 17. Rb1 Qd8 18. Qe4 Rc8 19. Bb5 f5 20. exf6 Qxf6
21. Bxd7+ Kxd7 22. Rb7+ Ke8 23. Qa4+ Kd8 24. Qd7# 1-0

[Event "Mechanics' Whitehead TNM; 30/90, SD/30"]
[Site "San Francisco"]
[Date "2014.08.12"]
[Round "2.6"]
[White "Gaffagan, Steven"]
[Black "Bayaraa, Chinguun"]
[Result "1/2-1/2"]
[WhiteElo "2129"]
[BlackElo "1857"]
[Annotator "Winslow,Elliott C"]
[PlyCount "98"]
[EventDate "2014.??.??"]

1. d4 d5 2. c4 e6 3. Nf3 Nf6 4. g3 Be7 5. Bg2 O-O 6. O-O Nbd7 (6... dxc4) (6...
c6 {/\...b6, when Ne5 can be met with ...Nfd7 and c6 is guarded.}) 7. Qc2 c6 8.
Rd1 Re8 $6 ({Last chance for} 8... b6 $1 {The key has become to see ...c6 as
preparation for ...c5 (!), a la the Caro Kann Defense. So ...b6, ...Bb7, ...
Rc8 and ...c5.}) 9. Bf4 Nf8 {...and Black is sidetracked.} (9... b6 $4 10. cxd5
cxd5 $4 11. Bc7) 10. Nc3 (10. Nbd2) 10... Bd6 $146 (10... Ng6 11. Bg5 h6 12.
Bxf6 Bxf6 13. e4 {certainly stops ...e5, but} dxc4 {
and Black gets away with a pawn and the <cough> two bishops for his trouble.})
11. Ne5 (11. Bxd6 Qxd6 12. e4 dxe4 13. Nxe4 Nxe4 14. Qxe4 {
is a classic Catalan lockup.}) 11... Ng6 12. Nxg6 hxg6 13. b3 (13. Bxd6) 13...
Bxf4 14. gxf4 Qd6 15. e3 Bd7 (15... b6) 16. c5 Qc7 17. Na4 Nh7 $5 18. Nb2 Qd8
19. Nd3 Qe7 20. Ne5 Rad8 21. Kh1 Rc8 22. b4 Rc7 23. Bf1 Rb8 24. Bd3 Be8 25.
Rac1 Nf8 26. a3 Nd7 27. Nxd7 ({On the principle of keeping pieces on the board
when one has a space advantage, I'd prefer} 27. Nf3) 27... Rxd7 28. Rg1 Rc7 29.
Qe2 b6 30. Rc2 Qf6 31. Qg4 Bd7 32. Qg3 {
Of course the action now turns out to be on the queenside...} Rcc8 33. Rgc1 b5
34. Ra2 a5 35. a4 bxa4 36. bxa5 Rb4 37. Rca1 Ra8 38. Rxa4 Rxa4 39. Rxa4 Qd8 40.
Qg5 (40. a6 {might work:} Qb8 $1 41. Ra1 Qb3 42. e4 $1 Qb2 43. Rb1 Qxd4 44. Qe3
Qxe3 45. fxe3 dxe4 46. Be2 $1 {keeping that a-pawn through everything!}) ({
The damned computer suggests} 40. f5 $1 gxf5 41. a6 Qb8 42. Qxb8+ Rxb8 43. Ra1
Kf8 44. Rb1) 40... Qb8 $1 41. Ra1 Qb3 42. Qe7 Be8 $2 (42... Qxd3 43. Qxd7 Qe2 {
manages to either perp or get ...Rb8-b2 in for a draw.} 44. Kg1 Qg4+ 45. Kf1
Rb8) 43. Bxg6 $2 ({Computer again!} 43. Ba6 $3 Qc3 44. Rb1 Qc2 45. Rf1 Rxa6 46.
Qxe8+ Kh7 47. Qe7 $3 (47. Qxf7) 47... Qe2 48. Qh4+ Kg8 49. Rb1 {and sooner or
later Black acquiesces to ...Qh5 and a probably doomed R+P ending.}) 43... fxg6
44. Qxe6+ Kf8 45. f5 $2 (45. Qd6+ Kf7 46. Qc7+ Kg8 $1) 45... Qc2 $2 (45... Qb2
46. Rg1 (46. Rf1 Qe2) 46... Qxf2 47. fxg6 Qf3+ 48. Rg2 Ra7 $17) 46. Qd6+ Kg8
47. Qe6+ Kf8 {Perhaps time trouble? Anyway, quite a battle!} (47... Kh7 $1 $15)
48. Qd6+ Kg8 49. Qe6+ Kf8 1/2-1/2

[Event "Mechanics' Fall TNM; 30/90, SD/30"]
[Site "San Francisco"]
[Date "2014.10.21"]
[Round "1.12"]
[White "Gaffagan, Steven"]
[Black "Brown, Nicholas"]
[Result "1-0"]
[WhiteElo "2129"]
[BlackElo "1520"]
[PlyCount "57"]
[EventDate "2014.??.??"]

1. d4 d5 2. c4 c6 3. Nf3 Nf6 4. Qc2 e6 5. e3 Be7 6. Nc3 O-O 7. Bd2 Nbd7 8. g4
Nxg4 9. Rg1 Ndf6 10. h3 Nh6 11. e4 Kh8 12. e5 Nfg8 13. O-O-O Nf5 14. Kb1 g6 15.
Bc1 b6 16. h4 Bb7 17. h5 c5 18. hxg6 fxg6 19. cxd5 Bxd5 20. dxc5 Bxc5 21. Nxd5
exd5 22. Bc4 d4 23. Ng5 Qe7 24. Rh1 h5 25. f4 Ne3 26. Qxg6 Nf5 27. Rxh5+ Ngh6
28. Rxh6+ Nxh6 29. Qxh6+ 1-0

[Event "Mechanics' Fall TNM; 30/90, SD/30"]
[Site "San Francisco"]
[Date "2014.11.25"]
[Round "5.6"]
[White "Gaffagan, Steven"]
[Black "Byambaa, Uyanga"]
[Result "0-1"]
[WhiteElo "2129"]
[BlackElo "2205"]
[Annotator "Donaldson"]
[PlyCount "68"]
[EventDate "2014.??.??"]

1. e4 c5 2. Nf3 d6 3. Bb5+ Bd7 4. c4 Nc6 5. d4 cxd4 6. Nxd4 Nf6 7. Nc3 g6 8. f3
Bg7 9. Be3 O-O 10. Bxc6 bxc6 11. O-O Qc7 12. Qd2 Rfb8 13. Rac1 a5 14. b3 Be8
15. Rfd1 Nd7 16. Na4 c5 17. Nb5 Qd8 18. Nac3 Nb6 19. a4 Bc6 20. Qf2 Nd7 21. Kh1
Rb7 22. h3 Qf8 23. Re1 Ne5 24. Rcd1 f5 25. Bc1 Qf7 26. exf5 Qxf5 27. Ne4 Rf8
28. Qg3 h6 29. Bd2 Nd3 {Diagram #} 30. Re2 $2 (30. Nbxd6 exd6 31. Nxd6 Qh5 (
31... Be5 32. Rxe5 Qxe5 33. Qxe5 Nxe5 34. Nxb7 Bxb7 35. Bxh6 Rxf3 36. Rd8+ Kh7
37. gxf3 Kxh6 38. Rb8 Bxf3+ 39. Kh2 $11) 32. Nxb7 Nxe1 33. Rxe1 Bxb7 34. Re7
$11) 30... Be5 $19 31. Qh4 g5 32. Qxh6 Bxe4 33. fxe4 Qf1+ 34. Rxf1 Rxf1# 0-1

[Event "Mechanics' Whitehead TNM; 30/90, SD/30"]
[Site "San Francisco"]
[Date "2014.09.30"]
[Round "9.3"]
[White "Gaffagan, Steven"]
[Black "Byambaa, Uyanga"]
[Result "1-0"]
[WhiteElo "2129"]
[BlackElo "2171"]
[Annotator "Donaldson"]
[PlyCount "95"]
[EventDate "2014.??.??"]

1. d4 Nf6 2. c4 g6 3. Nc3 Bg7 4. e4 d6 5. Nf3 O-O 6. Be2 e5 7. d5 a5 8. Bg5 Na6
9. Nd2 Qe8 10. O-O h6 11. Be3 (11. Bh4 {is much more commonly seen.}) 11... Nd7
(11... Nh7) 12. a3 f5 13. f3 f4 14. Bf2 g5 15. b4 $1 {
White's attack has arrived first.} axb4 16. axb4 Rb8 17. Qb3 Nf6 18. c5 $1 g4
19. cxd6 cxd6 20. Nc4 g3 21. hxg3 fxg3 22. Bxg3 Qg6 23. Bh2 Nh5 24. Nb5 Nf4 25.
Bxf4 exf4 26. Rad1 Bh3 27. Rf2 Bf6 28. Bd3 Bh4 29. Re2 Bd7 30. e5 (30. Nbxd6
Bg3 31. Ra2 Qh5) 30... Qh5 31. Nd2 dxe5 $4 (31... Bd8 {intending ...Bb6+ would
have led to murky play. Now everything goes White's way.}) 32. Nc3 (32. d6+ Kh8
33. Qb2 $18) 32... Kh8 33. Nce4 Nc7 34. Nc5 Bb5 35. d6 Bxd3 36. Qxd3 Na6 37.
Nd7 Bd8 38. Qb5 Rf5 39. Nxb8 e4 40. Qxb7 Rb5 41. Qc8 Rxb8 42. Qc3+ Kh7 43. Nxe4
Bb6+ 44. Nc5 Rb7 45. Qd3+ Qg6 46. Qxa6 Bxc5+ 47. bxc5 Rg7 48. Qd3 1-0

[Event "Mechanics' Spring TNM; 30/90, SD/30"]
[Site "San Francisco"]
[Date "2014.04.22"]
[Round "6.2"]
[White "Gaffagan, Steven"]
[Black "Byambaa, Uyanga"]
[Result "1/2-1/2"]
[WhiteElo "2089"]
[BlackElo "2136"]
[Annotator "Donaldson"]
[PlyCount "67"]
[EventDate "2014.??.??"]

1. d4 Nf6 2. c4 g6 3. Nc3 Bg7 4. e4 d6 5. f3 a6 6. Be3 c6 7. Qd2 O-O 8. Bd3 b5
9. cxb5 axb5 10. Nge2 b4 11. Nd1 Na6 12. O-O c5 13. Nf2 Nd7 14. Rfd1 cxd4 15.
Nxd4 Ne5 16. Be2 Bb7 17. b3 Nc6 18. Nxc6 Bxc6 19. Bd4 Bxd4 20. Qxd4 Qa5 21.
Rac1 Nc5 22. Ng4 h5 23. Ne3 Qxa2 24. Bc4 Qa5 25. Qd2 Qb6 26. Kh1 Ne6 27. Nf5 (
27. e5 $5) 27... gxf5 28. Bxe6 fxe6 29. Qg5+ Kf7 30. Qxh5+ Kf6 31. Qh6+ Kf7 32.
Qh5+ Kf6 33. Qh6+ Kf7 34. Qh5+ 1/2-1/2

[Event "Mechanics' Spring TNM; 30/90, SD/30"]
[Site "San Francisco"]
[Date "2014.03.25"]
[Round "2.14"]
[White "Gaffagan, Steven"]
[Black "Cohee, James"]
[Result "1-0"]
[WhiteElo "2089"]
[BlackElo "1638"]
[Annotator "Donaldson"]
[PlyCount "156"]
[EventDate "2014.??.??"]

1. c4 c5 2. Nf3 e6 3. Nc3 Nf6 4. g3 Nc6 5. Bg2 Be7 6. O-O O-O 7. d4 cxd4 8.
Nxd4 a6 9. h3 Qc7 10. Be3 d6 11. Rc1 Nxd4 12. Qxd4 Bd7 13. b3 Rab8 14. Rfd1 Bc6
$2 {Diagram #} 15. Nd5 $1 Bxd5 16. cxd5 Qd7 17. dxe6 fxe6 18. Rd3 Rbc8 19. Rdc3
Rxc3 20. Qxc3 d5 21. Bf4 Bd6 22. Bxd6 Qxd6 23. Qc7 Qxc7 24. Rxc7 Rf7 25. Rc8+
Rf8 26. Rc7 Rf7 27. Rc2 Re7 28. e3 Kf7 29. Kf1 Ke8 30. h4 h6 31. Ke2 Kd7 32.
Kd3 Kd6 33. e4 dxe4+ 34. Bxe4 Nxe4 35. Kxe4 e5 36. Rd2+ Ke6 37. Rd5 Kf6 38.
Rd6+ Re6 39. Rd7 b5 40. f3 Rc6 41. g4 g5 42. h5 Rc2 43. Rd6+ Kg7 44. Rg6+ Kh7
45. Rxa6 Re2+ 46. Kd3 Rf2 47. Ra7+ Kg8 48. Ke3 Rc2 49. Rb7 Rxa2 50. Rxb5 Rb2
51. Rb7 Rc2 52. Ke4 Rc3 53. Kxe5 Rxf3 54. Rb4 Kg7 55. Rb7+ Kg8 56. b4 Rf4 57.
b5 Rxg4 58. Kf6 Rb4 59. Kg6 Kf8 60. Kxh6 g4 61. Rg7 Rxb5 62. Rxg4 Rb7 63. Rg6
Rc7 64. Ra6 Rc5 65. Ra8+ Kf7 66. Ra7+ Kf8 67. Ra6 Rb5 68. Kg6 Rb3 $4 (68... Rb8
{is a draw.}) 69. Ra8+ Ke7 70. h6 Rg3+ 71. Kh7 $4 (71. Kf5 Rh3 72. h7 {wins.})
71... Kf7 72. Ra7+ Kf8 73. Rg7 Rh3 74. Rg6 Kf7 75. Ra6 Rh2 76. Kh8 Rh3 77. h7
Rh2 78. Ra7+ Kf6 $4 (78... Kf8 {draws.}) 1-0

[Event "Mechanics' Spring TNM; 30/90, SD/30"]
[Site "San Francisco"]
[Date "2014.05.06"]
[Round "8.3"]
[White "Gaffagan, Steven"]
[Black "Doyle, Bryon"]
[Result "1-0"]
[WhiteElo "2089"]
[BlackElo "2064"]
[PlyCount "67"]
[EventDate "2014.??.??"]

1. e4 e5 2. Nf3 Nc6 3. Bb5 a6 4. Ba4 Nf6 5. O-O Be7 6. Re1 b5 7. Bb3 O-O 8. a4
Bb7 9. d3 d6 10. Nbd2 Nd7 11. c3 Nc5 12. axb5 axb5 13. Rxa8 Qxa8 14. Bc2 Ne6
15. Nf1 Rb8 16. Ne3 Bf8 17. h4 Ne7 18. Bb3 Bc8 19. Ng5 h6 20. Nxe6 Bxe6 21.
Bxe6 fxe6 22. Qg4 Kf7 23. f4 exf4 24. Qxf4+ Ke8 25. Qg4 Kd7 26. Nc2 d5 27. Be3
Re8 28. Ra1 Qb7 29. Ra7 Qb8 30. Ra6 Nc8 31. Rxe6 h5 32. Qh3 Rxe6 33. exd5 Nd6
34. Qxe6+ 1-0

[Event "Mechanics' Fall TNM; 30/90, SD/30"]
[Site "San Francisco"]
[Date "2014.12.02"]
[Round "6.11"]
[White "Gaffagan, Steven"]
[Black "Drane, Robert"]
[Result "1-0"]
[WhiteElo "2129"]
[BlackElo "1869"]
[Annotator "Donaldson"]
[PlyCount "41"]
[EventDate "2014.??.??"]

1. d4 f5 2. g3 Nf6 3. Bg2 e6 4. Nh3 Be7 5. Nd2 d6 6. Nf3 Nc6 7. c3 e5 8. d5 Nb8
9. Nfg5 h6 10. Ne6 Bxe6 11. dxe6 c6 12. e4 g6 13. exf5 gxf5 14. Qf3 f4 15. gxf4
e4 16. Qe2 Qa5 17. Bxe4 Nxe4 18. Qxe4 Qh5 19. f5 Rf8 (19... Qxh3 20. f6) 20.
Nf4 Rxf5 $4 (20... Qxf5 21. Qxf5 Rxf5 22. Rg1) 21. Nxh5 1-0